The War on drugs and regional security /

Shranjeno v:
Bibliografske podrobnosti
Glavni avtor: Vargas Meza, Ricardo
Format: Texto
Teme:
Oznake: Označite
Brez oznak, prvi označite!

MARC

LEADER 00000 a a2200000 04500
001 4483
003
040
100 |a Vargas Meza, Ricardo  
245 |a The War on drugs and regional security /  |c Ricardo Vargas Meza 
650 |a POLITICA INTERNACIONAL  
650 |a GUERRA  
650 |a DROGAS DE USO INDEBIDO  
650 |a SEGURIDAD  
650 |a COLOMBIA  
650 |a ECONOMIA SUBTERRANEA  
773 |g número 18; páginas 41-62  
999 |c 34585  |d 34585